Going for broke (Record no. 80026)

MARC details
000 -LEADER
fixed length control field 01327cab a22002655a 4500
001 - CONTROL NUMBER
control field L143028
008 - FIXED-LENGTH DATA ELEMENTS--GENERAL INFORMATION
fixed length control field 080117s2008 xxk f v 000 0 eng d
035 ## - SYSTEM CONTROL NUMBER
System control number (Sirsi) u143028
041 0# - LANGUAGE CODE
Language code of text/sound track or separate title eng
100 1# - MAIN ENTRY--PERSONAL NAME
Personal name Ditchburn, Matthew
245 00 - TITLE STATEMENT
Title Going for broke
Remainder of title minimising loss when faced with an insolvent tenant
260 ## - PUBLICATION, DISTRIBUTION, ETC.
Date of publication, distribution, etc. 2008
490 #0 - SERIES STATEMENT
Series statement Lovells Real Estate Quarterly
Volume/sequential designation March 2008, 8-11(4)
520 ## - SUMMARY, ETC.
Summary, etc. Suggests that landlords need to consider the problem of tenants struggling in difficult financial circumstances and use insolvency regimes in order to keep their losses to a minimum. Provides an overview of the most common insolvency regimes. Includes: liquidation; administration and voluntary arrangements. Covers: protecting rent; seizure of goods; rent recovery and forfeiture. Offers tips to landlords.
590 ## - LOCAL NOTE (RLIN)
Local note KA
650 24 - SUBJECT ADDED ENTRY--TOPICAL TERM
Topical term or geographic name entry element THOMAS V KEN THOMAS
650 24 - SUBJECT ADDED ENTRY--TOPICAL TERM
Topical term or geographic name entry element METRO NOMINEES (WANDSWORTH) (NO1) LIMITED AND OTHERS V RAYMENT AND OTHERS
650 24 - SUBJECT ADDED ENTRY--TOPICAL TERM
Topical term or geographic name entry element EXETER CC V BAIRSTOW AND OTHERS
650 24 - SUBJECT ADDED ENTRY--TOPICAL TERM
Topical term or geographic name entry element PRUDENTIAL ASSURANCE COMPANY LIMITED AND OTHERS V POWERHOUSE LIMITED AND OTHERS
651 #4 - SUBJECT ADDED ENTRY--GEOGRAPHIC NAME
Geographic name Great Britain
Chronological subdivision 1707-
690 ## - LOCAL SUBJECT ADDED ENTRY--TOPICAL TERM (OCLC, RLIN)
Topical term or geographic name as entry element PROPERTY-COMMERCIAL PROPERTY-COMMERCIAL LANDLORD AND TENANT-COMMERCIAL LEASES
690 ## - LOCAL SUBJECT ADDED ENTRY--TOPICAL TERM (OCLC, RLIN)
Topical term or geographic name as entry element MANAGEMENT-CORPORATE RECOVERY
700 1# - ADDED ENTRY--PERSONAL NAME
Personal name Norris, Daniel
942 ## - ADDED ENTRY ELEMENTS (KOHA)
Suppress in OPAC 0
Holdings
Withdrawn status Lost status Source of classification or shelving scheme Damaged status Not for loan Home library Current library Shelving location Date acquired Total Checkouts Full call number Barcode Date last seen Copy number Price effective from Koha item type
    Dewey Decimal Classification     London London Journal article 02/04/2008   L143028 143028-1001 06/08/2019 1 06/08/2019 Journal article